| 000 | 01207nam a2200325 i 4500 | ||
|---|---|---|---|
| 003 | EG-GICUC | ||
| 005 | 20260122091117.0 | ||
| 008 | 251119s1986 ua ||||f |||| 00| 0 ara d | ||
| 017 | _a86/7851 | ||
| 020 | _a977-04-0303-2 | ||
| 040 |
_a EG-GICUC _bara _c EG-GICUC _d EG-GICUC _erda |
||
| 041 | _aara | ||
| 082 | 0 | 4 |
_221 _a345.436 _bم ح . م |
| 092 | 0 | 4 | _221 |
| 099 | _aLaw1 07 345.436 م ح . م 1986 | ||
| 100 | 0 |
_aمحمد أنس قاسم جعفر _eمؤلف. |
|
| 245 | 1 | 2 |
_aالموظف العام و ممارسة العمل النقابي / _cدكتور محمد أنس قاسم جعفر |
| 264 |
_aالقاهرة : _bدار النهضة العربية , _c1986. |
||
| 300 |
_a117؛ صفحة _c24 سم |
||
| 336 |
_2rda content _atext |
||
| 337 |
_2rda media _aComputer |
||
| 338 |
_2rda carrier _aOnline Resource |
||
| 504 | _a. 115-113 ببليوجرافيا: صفحات. | ||
| 546 | _aالنص أغلبه باللغة العربية بعض النصوص الإنجليزية والفرنسية | ||
| 650 | 1 |
_aالقانون الإداري _2qrmak |
|
| 651 | 1 | _2qrmak | |
| 856 | 4 | 0 | _uhttps://fll.law.cu.edu.eg/fulltext/bks/B07-01030.pdf |
| 905 |
_a74 _eYara |
||
| 942 |
_2ddc _n0 _cBK _e21 |
||
| 999 |
_c44859 _d44859 |
||